| 000 | 00000nas##2200000za#4500 |
| 001 | 9.511223 |
| 003 | CaOODSP |
| 005 | 20200325112239 |
| 007 | ta |
| 008 | 150406c2002||||xxc|| p #||||f| |0fre|d |
| 040 | |aCaOODSP|bfre |
| 041 | |aeng |
| 041 | |afre |
| 043 | |an-cn--- |
| 086 | 1 |aFo29-53 |
| 110 | 1 |aCanada.|bRessources naturelles Canada. |bService canadien des forêts. |
| 245 | 10|aInnovations : |ble bulletin du Réseau canadien de forêts modèles / |cPublié par le Réseau canadien de forêts modèles. |
| 260 | |aOttawa - Ontario : |bRessources naturelles Canada. |
| 310 | |aIrrégulier |
| 362 | 1 |a[Juillet 2002]-- |
| 563 | |aCouverture souple |
| 791 | |tInnovations : |eeng|w(CaOODSP)9.511222 |